000 00688nam a2200229 i 4500
001 C2-0273527
003 PPAK
005 20180728002849.0
008 060809s2006 xx a|||| ||||| | may d
040 _aPPAK
_beng
_cPPAK
_erda
082 0 4 _a959.5112
_223
090 0 0 _a959.5112
_bIBR
_dKK
100 0 _aWan Ibrahim bin Wan Soloh,
_eauthor
245 1 0 _aMahsuri : Sebuah Trajidi Negeri Kedah
264 1 _a[place of publication not identified] :
_b[publisher not identified] ,
_c2006
300 _a6 pages :
_billustrations ;
_c30 cm
336 _2rdacontent
_atext
337 _2rdamedia
_aunmediated
338 _2rdacarrier
_avolume
650 1 0 _aKedah - History
942 _ddc
_cB
999 _c81435
_d81435